|
|
|
|
| LEADER |
00000nam a2200000 4500 |
| 001 |
vtls012276779 |
| 003 |
SK-MaSNL |
| 005 |
20260310183130.0 |
| 008 |
251112s1777 gw a f 000 0 ger |
| 015 |
|
|
|a SNBHFA
|
| 040 |
|
|
|a SNKHF
|b slo
|c SNKHF
|e rda
|
| 041 |
1 |
|
|a ger
|h fre
|
| 044 |
|
|
|a gw
|c DE
|
| 072 |
|
7 |
|a 93/94
|x Dejiny (všeobecne)
|2 konspekt
|
| 080 |
|
|
|a 93/94
|2 2011
|
| 080 |
|
|
|a 59
|2 2011
|
| 080 |
|
|
|a 57/59
|2 2011
|
| 100 |
1 |
|
|a Buffon, Georges-Louis Leclerc,
|c comte de,
|d 1707-1788
|4 aut
|9 252940
|
| 245 |
1 |
0 |
|a Naturgeschichte der vierfüßigen Thiere. Mit Vermehrungen aus dem Französischen übersetzt
|n Fünfter Band
|c Herrn von Büffons
|
| 264 |
|
2 |
|a Berlin
|b Bey Joachim Pauli, Buchhảndler
|c 1777
|
| 300 |
|
|
|a X, 262 strán
|b ilustrácie
|c 4°
|c 23 x 14 cm
|
| 336 |
|
|
|a text
|b txt
|2 rdacontent
|
| 337 |
|
|
|a bez média
|b n
|2 rdamedia
|
| 338 |
|
|
|a zväzok
|b nc
|2 rdacarrier
|
| 500 |
|
|
|a Signet, vinety, vlysy, ozdobné iniciálky, ilustrácia na titulnom liste
|
| 504 |
|
|
|a Poznámky pod čiarou, kustody
|
| 510 |
4 |
|
|a OCLC 891293274
|
| 546 |
|
|
|a Nemčina
|b Fraktura
|
| 561 |
|
|
|a Proveniencia: pečiatka: Dr. E. Kadarász- ver. not. Poz. Margity Zayovej.
|5 SNK IC 146441/5
|
| 563 |
|
|
|a Väzba: papierová modrá.
|5 SNK IC 146441/5
|
| 650 |
0 |
7 |
|a dejiny
|2 SNKPH
|9 3825
|
| 650 |
0 |
7 |
|a zoológia
|2 SNKPH
|9 699
|
| 650 |
0 |
7 |
|a biológia
|2 SNKPH
|9 689
|
| 700 |
1 |
|
|a Kadarász, Ernest
|4 oth
|9 302455
|
| 700 |
1 |
|
|a Zaiová, Margita,
|d 1868-1937
|4 fmo
|9 186369
|
| 700 |
1 |
|
|a Pauli, Joachim,
|d 1733-1812
|4 bsl
|9 313357
|
| 700 |
1 |
|
|a Otto, Bernhard Christian,
|d 1745-1835
|4 trl
|9 373303
|
| 752 |
|
|
|a Nemecko
|d Berlin
|
| 852 |
|
|
|a snk
|b Zaiova knižnica
|p IC 146441/5
|
| 958 |
|
|
|a DD
|
| 958 |
|
|
|a ONDV
|
| 999 |
|
|
|c 960696
|d 962626
|
| 952 |
|
|
|t Zay 8719; Z 10017
|a SNK
|b SNK
|c SNK_HF
|y PREZ
|7 0
|p 17A1567700
|o snkIC 146441/5
|i snk2025/8201
|8 5
|0 0
|1 0
|4 0
|d 2025-05-22
|l 0
|r 2026-02-24 10:17:51
|w 2026-02-24
|